|
|
|
|
| LEADER |
00665nam a2200181Ia 4500 |
| 001 |
CTU_143905 |
| 008 |
210402s9999 xx 000 0 und d |
| 082 |
|
|
|a 633.18
|
| 082 |
|
|
|b P895
|
| 245 |
|
0 |
|a Practical application of azolla for rice production :
|
| 245 |
|
0 |
|b Proceedings of an international workshop, Mayaguez, Puerto Rico, November 17-19, 1982
|
| 245 |
|
0 |
|c edited by W.S. Silver, E.C. Schröder
|
| 260 |
|
|
|a Boston
|
| 260 |
|
|
|b M. Nijhoff/Dr. W. Junk Publishers
|
| 260 |
|
|
|c 1984
|
| 650 |
|
|
|a Rice,Azolla as fertilizer,Lúa,Azolla như phân bón
|
| 650 |
|
|
|x Fertilizers,Phân bón
|
| 980 |
|
|
|a Trung tâm Học liệu Trường Đại học Cần Thơ
|